| 000 | 00657 a2200169 4500 | ||
|---|---|---|---|
| 005 | 20190827115236.0 | ||
| 008 | 190606b1983 cr ||||| |||| 00| 0 spa d | ||
| 020 | _a9977470014 | ||
| 040 |
_aCO-BoUCM _bspa _cOscar Ávila (modificó) _dOscar Ávila (modificó) |
||
| 041 | 0 | _aspa | |
| 100 | 1 | 0 |
_aRojas Franco, José Enrique _996904 |
| 245 | 1 | 3 |
_aEl incidente de suspensión del acto administrativo en la via judicial _cJosé Enrique Rojas Franco |
| 260 |
_bPublicaciones del Colegio de Abogados _c1983 _aCosta Rica _g1983 |
||
| 650 | 7 |
_912695 _aDerecho administrativo |
|
| 942 |
_cLIBRO _2DEWEY _a8 _e1 _h342.06 _mR741i |
||
| 999 |
_c312992 _d312992 |
||